000 00480nam a2200145 a 4500
008 091201s1993 xx |||||||||||||| || u
050 _aPAPERS/STAFF
100 _aAryee, G. A
245 1 4 _aThe Urban Informal Sector
260 _c1993
300 _a6p.
350 _a0.00
650 _aINFORMAL SECTOR (ECONOMICS)
995 _D0.00
_FCBU-MAIN LIBRARY (Kitwe)
_H1
_I0.00
_M1
_UAVAILABLE
_WDec 1, 2009
_ZUniversity Collection
999 _c61023
_d61023